| 000 | 00358nam a2200133Ia 4500 | ||
|---|---|---|---|
| 008 | 200924s9999 xx 000 0 und d | ||
| 020 | _a978-981-4846-16-5 | ||
| 100 | _aMcMurry, John | ||
| 245 |
_cJohn McMurry _aOrganic chemistry/ |
||
| 250 | _a9th ed. | ||
| 260 |
_aSingapore: _bCENGAGE _c2019 |
||
| 300 |
_axxx, I-34 _c25 cm. |
||
| 650 | _achemistry, organic | ||
| 999 |
_c364462 _d364462 |
||